[Event "Amber-blind 2nd"]
[Site "Monte Carlo"]
[Date "1993.??.??"]
[Round "4"]
[White "Karpov, Anatoly"]
[Black "Kortschnoj, Viktor"]
[Result "1-0"]
[WhiteElo "2725"]
[BlackElo "2605"]

1.d4 Nf6 2.c4 e6 3.Nf3 b6 4.a3 Bb7 5.Nc3 d5 6.Qc2 Be7 7.cxd5 Nxd5 8.Bd2 Nd7
9.e4 Nxc3 10.Bxc3 O-O 11.Rd1 Qc8 12.Be2 c5 13.d5 exd5 14.exd5 Bf6 15.O-O Re8
16.Bb5 Ba6 17.Bxa6 Qxa6 18.Qf5 Rad8 19.Ng5 Bxg5 20.Qxg5 f6 21.Qg3 b5 22.Rfe1 Qb6
23.h3 b4 24.Rxe8+ Rxe8 25.axb4 cxb4 26.Bd4 Qb5 27.Qd6 Ne5 28.Rc1 h5 29.Bxa7 Nd3
30.Rc7 Re1+ 31.Kh2 Qe8 32.Qg3 Re7 33.d6 Rxc7 34.dxc7 Ne5 35.Qb3+ Nf7 36.Qc4 Qc8
37.Bb6 g5 38.Bd4 Kg7 39.Qc5  1-0

[Event "Montpellier"]
[Site "Montpellier"]
[Date "1993.??.??"]
[Round "?"]
[White "Bricard, Emmanuel"]
[Black "Renet, Olivier"]
[Result "1/2-1/2"]
[WhiteElo "2440"]
[BlackElo "2505"]

1.d4 Nf6 2.c4 e6 3.Nf3 b6 4.a3 Bb7 5.Nc3 d5 6.Bg5 Be7 7.Qa4+ c6 8.cxd5 exd5
9.e3 O-O 10.Bd3 Nbd7 11.Rd1 Re8 12.O-O Qb8 13.Bf5 g6 14.Bh3 b5 15.Qc2 a5
16.Bxd7 Nxd7 17.Bxe7 Rxe7 18.Ne2 Qd6 19.Rc1 Nb6 20.Nf4 Nc4 21.Nd3 Bc8 22.Nc5 Bf5
23.Qc3 b4 24.axb4 axb4 25.Qxb4 Rb8 26.Qc3 Rxb2 27.Rfd1 Ra7 28.Ra1 Qb8 29.h3 Qa8
30.Qe1 Rba2 31.Rxa2 Rxa2 32.Nd2 Bc2 33.Rc1 Qa3 34.Nxc4 dxc4 35.e4 Qb2 36.Qe3 Ra3
37.Qd2 c3 38.Qf4 Bb1 39.Nd7 Ra8 40.Qh6 f5 41.exf5 Bxf5 42.Re1 Qb4 43.Nf6+ Kf7
44.Nxh7 c2 45.Ng5+ Kf6 46.Nh7+  1/2-1/2

[Event "Montpellier"]
[Site "Montpellier"]
[Date "1993.??.??"]
[Round "?"]
[White "Maiwald, Jens Uwe"]
[Black "Schlosser, Philipp"]
[Result "0-1"]
[WhiteElo "2430"]
[BlackElo "2550"]

1.d4 Nf6 2.c4 e6 3.Nf3 b6 4.a3 Bb7 5.Nc3 d5 6.cxd5 Nxd5 7.Qa4+ Nd7 8.Nxd5 exd5
9.Bf4 c6 10.g3 Be7 11.h4 O-O 12.Bh3 Nf6 13.Ne5 c5 14.e3 Bd6 15.h5 cxd4 16.exd4 Nxh5
17.Bf5 Nf6 18.Bg5 h6 19.Bf4 Re8 20.O-O-O Ne4 21.Rh2 Bxe5 22.dxe5 Rxe5 23.Bxe5 Qg5+
24.f4 Qxf5 25.Rc2 Nc5 26.Rxc5 bxc5 27.Qb5 Qc8 28.Bd6 c4 29.Re1 Qc6 30.Qxc6 Bxc6
31.Re7 Rd8 32.Be5 Rd7 33.Re8+ Kh7 34.Bd4 h5 35.Re5 Kh6 36.g4 hxg4 37.Rg5 f6
38.Rxg4 Re7 39.Bc5 Rb7 40.Rg1 Bd7 41.Rd1 Be6 42.Re1 Bf5 43.Rg1 Be4 44.Bd4 a5
45.Kd2 Rb3 46.Ke2 Rd3 47.Bb6 a4 48.Bc5 Kh7 49.Bf8 g6 50.Rg4 Bf3+  0-1

[Event "Nabereznye Chelny"]
[Site "Nabereznye Chelny"]
[Date "1993.??.??"]
[Round "?"]
[White "Panchenko, Alexander N"]
[Black "Berzinsh, Roland"]
[Result "1-0"]
[WhiteElo "2460"]
[BlackElo "2395"]

1.d4 Nf6 2.Nf3 e6 3.c4 b6 4.a3 Ba6 5.e3 c5 6.Bd3 cxd4 7.exd4 Be7 8.O-O d5
9.b3 O-O 10.Bb2 Nc6 11.Nbd2 Rc8 12.Qe2 Qc7 13.Rac1 Rfd8 14.Rfe1 Qb8 15.Ne5 dxc4
16.Nxc6 Rxc6 17.bxc4 Re8 18.Ne4 Rec8 19.d5 exd5 20.Bxf6 Bxf6 21.Nxf6+ Rxf6
22.cxd5 Rxc1 23.Rxc1 Bb7 24.Ba6 h6 25.Bxb7 Qxb7 26.Qe8+ Kh7 27.Qe4+ Rg6 28.h4 h5
29.Qf5 Qe7 30.g3 Qxa3 31.Qxh5+ Rh6 32.Qf5+ Rg6 33.Rc6 Kh6 34.Qg5+  1-0

[Event "FRA-ch"]
[Site "Nantes"]
[Date "1993.??.??"]
[Round "7"]
[White "Bricard, Emmanuel"]
[Black "Hauchard, Arnaud"]
[Result "1-0"]
[WhiteElo "2440"]
[BlackElo "2450"]

1.d4 Nf6 2.c4 e6 3.Nf3 b6 4.a3 Bb7 5.Nc3 d5 6.cxd5 Nxd5 7.Bd2 Nd7 8.Qc2 Nxc3
9.Bxc3 Nf6 10.e3 Be7 11.Bb5+ c6 12.Bd3 Qc7 13.e4 h6 14.O-O O-O 15.Qe2 Rac8
16.Rac1 Rfd8 17.b4 Qb8 18.Bb1 Qa8 19.Rfe1 a5 20.Qc2 axb4 21.axb4 Nd7 22.Nd2 Ba6
23.Re3 Nf8 24.Rg3 Bf6 25.e5 Bg5 26.Ne4 c5 27.Nxg5 hxg5 28.Qd2 cxd4 29.Qxg5 Ng6
30.Bxg6 fxg6 31.Qxg6 Qb7 32.Qxe6+ Qf7 33.Qxb6 dxc3 34.Qxa6 c2 35.Rd3 Rxd3
36.Qxc8+ Qf8  1-0

[Event "New York Enhance"]
[Site "New York"]
[Date "1993.??.??"]
[Round "3"]
[White "Sokolin, Leonid M"]
[Black "Moulin, Pierre"]
[Result "1-0"]
[WhiteElo "2430"]
[BlackElo "2300"]

1.d4 Nf6 2.c4 e6 3.Nf3 b6 4.a3 Ba6 5.Qc2 Bb7 6.Nc3 c5 7.e4 cxd4 8.Nxd4 Bc5
9.Nb3 Nc6 10.Bd3 d6 11.O-O h6 12.Qe2 O-O 13.Bf4 a5 14.Rad1 e5 15.Bg3 a4 16.Nxc5 bxc5
17.f4 Nd4 18.Qe1 Qe7 19.Nb5 Nh5 20.Bh4 g5 21.fxg5 hxg5 22.Nxd4 cxd4 23.Bg3 f6
24.Rc1 Kg7 25.Qf2 Rh8 26.Rc2 Nxg3 27.Qxg3 Rh4 28.Rcf2 Rf8 29.c5 Bxe4 30.Bxe4 Rxe4
31.c6 Qe6 32.c7 Re3 33.Qxg5+ fxg5 34.Rxf8 Re1 35.c8=Q Rxf1+ 36.Kxf1 Qa2 37.Rf3 Qb1+
38.Kf2 Qc2+ 39.Qxc2  1-0

[Event "Nikolaev zt"]
[Site "Nikolaev"]
[Date "1993.??.??"]
[Round "?"]
[White "Savchenko, Stanislav"]
[Black "Maksimenko, Andrei"]
[Result "1/2-1/2"]
[WhiteElo "2535"]
[BlackElo "2435"]

1.d4 Nf6 2.c4 e6 3.Nf3 b6 4.a3 Ba6 5.Qc2 Bb7 6.Nc3 c5 7.e4 cxd4 8.Nxd4 Bc5
9.Nb3 Nc6 10.Bf4 e5 11.Be3 Bxe3 12.fxe3 Ng4 13.Qe2 Qg5 14.Nd5 Rc8 15.h4 Qg6
16.Qf3  1/2-1/2

[Event "Nis op"]
[Site "Nis"]
[Date "1993.??.??"]
[Round "?"]
[White "Colovic, Dusan"]
[Black "Vuksanovic, Sanja"]
[Result "0-1"]
[WhiteElo "2315"]
[BlackElo "2260"]

1.d4 e6 2.c4 Nf6 3.Nf3 b6 4.a3 Bb7 5.Nc3 d5 6.cxd5 Nxd5 7.Bd2 Nd7 8.Qc2 c5
9.e4 N5f6 10.dxc5 Bxc5 11.b4 Be7 12.Rd1 Rc8 13.Qa4 Bc6 14.Bb5 Qc7 15.Nd4 Bxb5
16.Ndxb5 Qc6 17.Qxa7 Nxe4 18.Nd4 Qc4 19.Nxe4 Ne5 20.Qa4+ Kf8 21.Be3 Nd3+
22.Kd2 f5 23.Qb3 fxe4 24.Qxc4 Rxc4 25.f3 Bf6 26.fxe4 Nb2 27.Rb1 Rxd4+ 28.Bxd4 Bxd4
29.Kc2 Na4 30.Kb3 b5 31.Rhd1 e5 32.Rbc1 Ke7 33.Rc7+ Kf6 34.Rf1+ Kg6 35.Rf3 Rg8
36.Rc6+ Kg5 37.Rf5+ Kg4 38.h3+ Kg3 39.Kc2 Nb2 40.Kb3 Nc4 41.Rg5+ Kf4 42.Rg4+ Ke3
43.Rxc4 bxc4+ 44.Kxc4 h5 45.Rg6 Kxe4 46.b5 Rc8+ 47.Kb4 Bc5+ 48.Kb3 Kd3 49.Rg3+ Kd4
50.Rxg7 e4 51.Rd7+ Ke5 52.Rh7 e3 53.Rxh5+ Ke4 54.Rh4+ Kd3 55.Rc4 e2 56.Rc3+ Kd2
57.Rc2+ Kd1 58.Rxe2 Kxe2 59.a4 Kd3  0-1

[Event "NLD-chT"]
[Site "?"]
[Date "1993.??.??"]
[Round "1"]
[White "Ligterink, Gert"]
[Black "Bosman, Michiel"]
[Result "1-0"]
[WhiteElo "2435"]
[BlackElo "2285"]

1.d4 Nf6 2.Nf3 e6 3.c4 b6 4.a3 Ba6 5.Qc2 Bb7 6.Nc3 c5 7.dxc5 bxc5 8.Bg5 Bxf3
9.gxf3 Nc6 10.e3 h6 11.Bh4 Ne5 12.Be2 Ng6 13.Bg3 Nh5 14.f4 Nxg3 15.hxg3 Qb6
16.O-O-O Ne7 17.Rd2 Rd8 18.Bf3 Nc8 19.f5 Bd6 20.Qe4 Be7 21.Qg4 Bf6 22.Ne4 Ke7
23.Rhd1 h5 24.Qf4 e5 25.Nxf6 gxf6 26.Qe4 Qa6 27.Kb1 Nb6 28.Rd6 Qa4 29.Be2 Nc8
30.Qd5 Rh6 31.Qxc5 Nxd6 32.Rxd6 Ke8 33.Bd1  1-0

[Event "Osijek"]
[Site "Osijek"]
[Date "1993.??.??"]
[Round "5"]
[White "Kozul, Zdenko"]
[Black "Sale, Srdjan"]
[Result "1/2-1/2"]
[WhiteElo "2595"]
[BlackElo "2405"]

1.d4 Nf6 2.Nf3 e6 3.c4 b6 4.a3 c5 5.d5 exd5 6.cxd5 g6 7.Nc3 Bg7 8.Bg5 O-O
9.e3 d6 10.Nd2 h6 11.Bh4 Na6 12.Bb5 Nc7 13.Bc6 Rb8 14.O-O b5 15.f4 g5 16.fxg5 Ng4
17.Nf3 Nxe3 18.Qc1 Nxf1 19.gxh6 Bf6 20.Qf4 Bxh4 21.Nxh4 Ne3 22.Qg3+ Ng4 23.h3 Qf6
24.hxg4 Qd4+ 25.Kh2 Qxg4 26.Qxg4+ Bxg4 27.Ne4 f5 28.Ng5 Rf6 29.h7+ Kg7 30.Kg3 Rh8
31.Kf4 Rh6 32.g3 Kf6 33.Re1 R6xh7 34.Nxh7+ Rxh7 35.Re3 Rh8 36.Re1 Rb8 37.Ng2 b4
38.Ne3 bxa3 39.bxa3 Rb3 40.Rh1 Kg7 41.Re1 Kf6 42.Rh1 Kg7  1/2-1/2

[Event "Oviedo rapid"]
[Site "Oviedo"]
[Date "1993.??.??"]
[Round "9"]
[White "Cramling, Pia"]
[Black "Fedorov, Vladislav"]
[Result "0-1"]
[WhiteElo "2525"]
[BlackElo "2440"]

1.d4 Nf6 2.c4 e6 3.Nf3 b6 4.a3 Bb7 5.Nc3 g6 6.Qc2 Bxf3 7.gxf3 Nc6 8.e3 Bg7
9.f4 O-O 10.Bg2 Rc8 11.b3 Na5 12.Bb2 d5 13.c5 bxc5 14.dxc5 Rb8 15.b4 Nc4
16.Bc1 Ne4 17.Bxe4 Qf6 18.Bd2 Nxd2 19.Qxd2 dxe4 20.Rc1 Qf5 21.Nxe4 a5 22.Qc3 axb4
23.axb4 Rbd8  0-1

[Event "Pamplona9394"]
[Site "Pamplona"]
[Date "1993.??.??"]
[Round "7"]
[White "Gomez Esteban, Juan Mario"]
[Black "Sokolov, Andrei"]
[Result "1-0"]
[WhiteElo "2450"]
[BlackElo "2525"]

1.d4 Nf6 2.c4 e6 3.Nf3 b6 4.a3 Bb7 5.Nc3 d5 6.cxd5 Nxd5 7.Qc2 Nxc3 8.Qxc3 Nd7
9.Bg5 Be7 10.Bxe7 Kxe7 11.g3 Nf6 12.Bg2 Qd6 13.O-O Rhc8 14.b4 c5 15.dxc5 bxc5
16.Qe3 cxb4 17.Nh4 Qd7 18.Nf5+ Kf8 19.Bxb7 Qxb7 20.Nd6 Qb6 21.Qxb6 axb6 22.Nxc8 Rxc8
23.axb4 Nd5 24.Rfc1 Rxc1+ 25.Rxc1 Nxb4 26.Rc7 Nd5 27.Rb7 g5 28.f3 Kg7 29.Kf2 Kf6
30.e4 Nb4 31.Rxb6 Nd3+ 32.Ke3 Ne5 33.Rb3 h6 34.Rc3 Kg6 35.Kd4 Kf6 36.Kc5 h5
37.Kd6 g4 38.f4 Nf3 39.h4 Nd4 40.Rd3 Ne2 41.Kd7 Kg7 42.Ke7 Kg6 43.Kf8 Kf6
44.Kg8 Kg6 45.Ra3 Nd4 46.Ra2 Nb3 47.Ra7 Nd2 48.e5 f6 49.exf6 Kxf6 50.Kh7 Ne4
51.Ra3 Kf5 52.Kh6 Nxg3 53.Rxg3 Kxf4 54.Rg1 g3 55.Kxh5 e5 56.Kg6  1-0

[Event "US op"]
[Site "Philadelphia"]
[Date "1993.??.??"]
[Round "?"]
[White "Salman, Joel"]
[Black "Samimi, Askari"]
[Result "1-0"]
[WhiteElo "2260"]
[BlackElo "2250"]

1.d4 Nf6 2.c4 e6 3.Nf3 b6 4.a3 Bb7 5.Nc3 Be7 6.d5 O-O 7.e4 a5 8.Bd3 d6 9.Rb1 Nbd7
10.b4 Ng4 11.Nd4 axb4 12.axb4 Nge5 13.dxe6 Nxd3+ 14.Qxd3 Ne5 15.Qe2 c5 16.exf7+ Rxf7
17.Ne6 Qc8 18.Nf4 cxb4 19.Ncd5 Ba6 20.Nxb6 Qc6 21.Nfd5 Nxc4 22.Qa2 b3 23.Qxb3 Re8
24.Qa2 Bd8 25.O-O Bxb6 26.Nxb6 Qxe4 27.Qxa6 Qxb1 28.Nxc4 Qd3 29.Qc6 Ref8
30.Ne3 Rf6 31.Qd5+ Qxd5 32.Nxd5 Re6 33.Be3 Rf5 34.Rd1 Ree5 35.Nc3 Re6 36.h3 Kf7
37.Ne2 Ra5 38.Nd4 Rd5 39.Ra1 Re4 40.Ra7+ Kg6 41.Ne2 Rf5 42.Ng3  1-0

[Event "RL-chC"]
[Site "Polch"]
[Date "1993.??.??"]
[Round "?"]
[White "May, Frank"]
[Black "Drahtschmidt, Peter"]
[Result "1/2-1/2"]
[WhiteElo "1980"]
[BlackElo "2015"]

1.d4 Nf6 2.c4 e6 3.Nf3 b6 4.a3 Bb7 5.Nc3 d5 6.Bg5 Nbd7 7.cxd5 exd5 8.e3 a6
9.Rc1 Bd6 10.Bd3 O-O 11.O-O Qe8 12.Nh4 Ne4 13.Bxe4 dxe4 14.Nf5 Qe6 15.Nxd6 cxd6
16.d5 Qg6 17.Bf4 Rfe8 18.Na4 Rac8 19.Qd4 b5 20.Qa7 bxa4 21.Qxb7 Nc5 22.Qb6 Red8
23.Rc2 f5 24.Rfc1 Qf6 25.h4 h6 26.Bg3 g5 27.Rxc5 Rb8 28.Qxa6 f4 29.exf4 gxf4
30.Rc7 fxg3 31.fxg3 Rf8 32.Qe2 e3 33.R1c2 Rbe8 34.Kh2 Qg6 35.R2c4 h5 36.Rxa4 Rf2  1/2-1/2

[Event "Prague"]
[Site "Prague"]
[Date "1993.??.??"]
[Round "3"]
[White "Gofshtein, Leonid D"]
[Black "Kengis, Edvins"]
[Result "1/2-1/2"]
[WhiteElo "2540"]
[BlackElo "2560"]

1.d4 Nf6 2.c4 e6 3.Nf3 b6 4.a3 Ba6 5.Qc2 Bb7 6.Nc3 c5 7.e4 cxd4 8.Nxd4 Bc5
9.Nb3 Nc6 10.Bd3 h6 11.O-O O-O 12.Bf4 d6 13.Rad1 Qe7 14.Qe2 Rfd8 15.h3 a6
16.Rc1 Rac8 17.Nd2 Nd4 18.Qd1 b5 19.cxb5 Nxb5 20.Nxb5 axb5 21.Qe2 b4 22.a4 e5
23.Be3 Bxe3 24.fxe3 Ra8 25.b3 d5 26.exd5 Bxd5 27.Bc4 Qe6 28.Rcd1 Bxc4 29.Nxc4 Ne4
30.Qf3 Nc5 31.Rd6 e4 32.Qg3 Rxd6 33.Nxd6 Rf8 34.Nf5 g6 35.Nxh6+ Kh7 36.Ng4 Kg7
37.Rf6 Qd5 38.Qf4 g5 39.Qf1 Ne6 40.Rf5 Qd3 41.Qxd3 exd3 42.Nf2 Rd8 43.Rb5 d2
44.Nd1 f5 45.Rxb4 f4 46.Kf2 fxe3+ 47.Kxe3 Nf4 48.Kf3 Nd3 49.Rb5 Kf6 50.a5 Ne1+
51.Kf2 Nd3+ 52.Ke3 Nf4 53.Kf3 Ne6 54.Ke4 Nf4 55.g3 Nxh3 56.a6 g4 57.Rb6+ Ke7
58.a7 Ra8 59.Rb7+ Kd6 60.Kf5 Kc6 61.Rf7 Ng1 62.Kxg4 Ne2 63.b4 Kb6 64.Kf3 Nxg3
65.Kxg3 Rxa7  1/2-1/2

[Event "CRO-Cup"]
[Site "Pula"]
[Date "1993.??.??"]
[Round "1"]
[White "Cvitan, Ognjen"]
[Black "Tolnai, Tibor"]
[Result "1/2-1/2"]
[WhiteElo "2575"]
[BlackElo "2500"]

1.d4 Nf6 2.c4 e6 3.Nf3 b6 4.a3 Bb7 5.Nc3 Ne4 6.Nxe4 Bxe4 7.Nd2 Bb7 8.e4 Qf6
9.e5 Qd8 10.Nf3 d6 11.Be2 Be7 12.O-O Nd7 13.Bf4 O-O 14.Qc2 dxe5 15.dxe5 c5
16.Nd2 Qc7 17.Bf3 Bxf3 18.Nxf3 h6 19.Qe4 Rfd8 20.h4 Rac8 21.h5 Nb8 22.Rfd1 Nc6
23.Rac1 Rd7 24.Rxd7 Qxd7 25.g4 Rd8 26.Kg2 Na5 27.Rc2 Qc6 28.Qxc6 Nxc6 29.Rd2 f6
30.exf6 Bxf6 31.Rxd8+ Nxd8 32.b3 Nc6 33.Bd2 e5 34.Be3 Kf7 35.Nd2 Ke6 36.Kf3 Be7
37.Ke4 Nd8 38.Kd3 Nf7 39.Ne4 Bd8 40.Kc3 Be7 41.Kd3 Bd8 42.Bd2 Be7 43.Bc3 Bf8
44.f3 Be7 45.Be1 Nd8 46.Bf2 Nc6 47.Be3 Bh4 48.Nc3 Be7 49.Nb5 Bd8 50.Nc3 Be7
51.Ne4 Bh4 52.Nc3  1/2-1/2

[Event "CRO-Cup"]
[Site "Pula"]
[Date "1993.??.??"]
[Round "2"]
[White "Cvitan, Ognjen"]
[Black "Hresc, Vladimir"]
[Result "1/2-1/2"]
[WhiteElo "2575"]
[BlackElo "2385"]

1.d4 Nf6 2.c4 e6 3.Nf3 b6 4.a3 Bb7 5.Nc3 d5 6.cxd5 Nxd5 7.e3 Be7 8.Bb5+ c6
9.Bd3 O-O 10.e4 Nxc3 11.bxc3 c5 12.O-O Nd7 13.Bf4 Nf6 14.Qe2 cxd4 15.cxd4 Qd7
16.a4 Rfc8 17.Rfd1 Qe8 18.Ne5 Qd8 19.Bb1 Nd7 20.Nf3 Nf8 21.Bd3 Ng6 22.Bg3 Nh4
23.Nxh4 Bxh4  1/2-1/2

[Event "CRO-Cup"]
[Site "Pula"]
[Date "1993.??.??"]
[Round "3"]
[White "Begovac, Franja"]
[Black "Dizdarevic, Emir"]
[Result "1/2-1/2"]
[WhiteElo "2405"]
[BlackElo "2540"]

1.d4 Nf6 2.c4 e6 3.Nf3 b6 4.a3 Ba6 5.Qc2 Bb7 6.Nc3 c5 7.e4 cxd4 8.Nxd4 Bc5
9.Nb3 Nc6 10.Bg5 h6 11.Bh4 Nd4 12.Nxd4 Bxd4 13.Bd3 Qb8 14.Bg3 Be5 15.O-O-O O-O
16.Kb1 Rc8 17.Qe2 d6 18.Bxe5 dxe5 19.g4 Nh7 20.h4 f6 21.Bc2 Ba6 22.Nb5 Bxb5
23.cxb5 Qc7 24.Bb3 Qe7 25.Rc1 Qe8 26.Qd3 Nf8 27.Qd6 Rd8 28.Qc6 Qe7 29.Rhd1 Kf7
30.h5 Rxd1 31.Rxd1 Rd8 32.Rxd8 Qxd8 33.Ka2  1/2-1/2

[Event "CRO-Cup"]
[Site "Pula"]
[Date "1993.??.??"]
[Round "8"]
[White "Begovac, Franja"]
[Black "Lalic, Bogdan"]
[Result "1/2-1/2"]
[WhiteElo "2405"]
[BlackElo "2515"]

1.d4 Nf6 2.c4 e6 3.Nf3 b6 4.a3 Ba6 5.Qc2 Bb7 6.Nc3 c5 7.e4 cxd4 8.Nxd4 Bc5
9.Nb3 Nc6 10.Bg5 h6 11.Bh4 g5 12.Bg3 e5 13.f3 d6 14.O-O-O Qe7 15.Bf2 O-O-O
16.Nd5 Qe6 17.Kb1 Kb8 18.Bd3 Bxf2 19.Qxf2 Nd7 20.h4 Nc5 21.Nxc5 dxc5 22.hxg5 hxg5
23.Qg3 f6 24.Qg4 Qxg4 25.fxg4 Bc8 26.Be2 Nd4 27.Bf3 Ba6 28.Ne3 Kc7 29.Rh5 Rxh5
30.gxh5 Rh8  1/2-1/2

[Event "Sala op"]
[Site "Sala"]
[Date "1993.??.??"]
[Round "7"]
[White "Ryskin, Alexander"]
[Black "Berzinsh, Roland"]
[Result "1/2-1/2"]
[WhiteElo "2505"]
[BlackElo "2395"]

1.d4 Nf6 2.c4 e6 3.Nf3 b6 4.a3 Ba6 5.Qc2 Bb7 6.Nc3 c5 7.dxc5 Bxc5 8.Bf4 O-O
9.Rd1 a6 10.e3 Be7 11.Be2 d6 12.Rd2 Qc7 13.O-O Rd8 14.Rfd1 h6 15.h3 Ne8 16.Bg3 Nd7
17.Nd4 Rdc8 18.Qb1 Nef6 19.Bf3 Ne5 20.Bxb7 Qxb7 21.Bxe5 dxe5 22.Nf3 e4 23.Ne5 Rc5
24.Nd7 Rxc4 25.Nxf6+ Bxf6 26.Rd7 Qc6 27.R7d6  1/2-1/2

[Event "Seefeld op"]
[Site "Seefeld"]
[Date "1993.??.??"]
[Round "1"]
[White "Messner, Harry"]
[Black "Mihajlovic, Nenad"]
[Result "1-0"]
[WhiteElo "2100"]
[BlackElo "1620"]

1.d4 Nf6 2.c4 e6 3.Nf3 b6 4.a3 Ba6 5.Qa4 Be7 6.Nc3 O-O 7.e4 d5 8.e5 Ne8 9.Be3 c6
10.cxd5 Bxf1 11.Kxf1 cxd5 12.g3 Nd7 13.Kg2 f6 14.Qc6 Nc7 15.Rac1 Rc8 16.Bf4 f5
17.h4 a6 18.Rc2 h6 19.Rhc1 Kf7 20.Nxd5 Nb8 21.Qb7 Qxd5 22.Qxd5 exd5 23.Rxc7 Rxc7
24.Rxc7 Rd8 25.h5 b5 26.Nh4 a5 27.Nxf5 Rd7 28.Rc8 Na6 29.Ra8 Nc7 30.Rxa5 b4
31.Ra7 bxa3 32.bxa3  1-0

[Event "Sochi"]
[Site "Sochi"]
[Date "1993.??.??"]
[Round "?"]
[White "Ryskin, Alexander"]
[Black "Brodsky, Michail"]
[Result "0-1"]
[WhiteElo "2515"]
[BlackElo "2515"]

1.d4 Nf6 2.c4 e6 3.Nf3 b6 4.a3 Ba6 5.Qc2 Bb7 6.Nc3 c5 7.dxc5 Bxc5 8.Bf4 O-O
9.Rd1 Nh5 10.Bd6 Bxd6 11.Rxd6 Qe7 12.Rd1 Rc8 13.e3 Nc6 14.Be2 Nf6 15.O-O Na5
16.Qa4 Bc6 17.Qb4 Qxb4 18.axb4 Nxc4 19.Bxc4 Bxf3 20.gxf3 Rxc4 21.b5 d5 22.Ra1 Ne8
23.Ra3 Nd6 24.Rfa1 Rc7 25.Ra6 Nc4 26.Ne2 g6 27.Nd4 Nxb2 28.Rxb6 axb6 29.Rxa8+ Kg7
30.f4 Nc4 31.Rb8 Kf6 32.Nc6 Kf5 33.Kg2 Ke4 34.Kg3 Kf5 35.Kf3 Kf6 36.Ke2 Nd6
37.Nd4 Nc8 38.Nc6 g5 39.Kf3 gxf4 40.Kxf4 Nd6 41.Rxb6 Nxb5 42.Rxb5 Rxc6 43.Kf3 Rc7
44.Rb4 Ke5 45.Rh4 f6 46.Ra4 Rg7 47.Rb4 Rd7 48.Ra4 h5 49.Rh4 Rh7 50.Ra4 Kf5
51.Rb4 Rd7 52.Rb8 e5 53.Rc8 Kg5 54.Rg8+ Kh4 55.Rh8 d4 56.exd4 exd4 57.Ke2 d3+
58.Kd2 Rd5 59.Rh6 f5 60.Rh8 f4 61.Rf8 Kg4 62.Rg8+ Kh3 63.Rf8 Rd4  0-1

[Event "Sochi"]
[Site "Sochi"]
[Date "1993.??.??"]
[Round "?"]
[White "Tregubov, Pavel V"]
[Black "Brodsky, Michail"]
[Result "0-1"]
[WhiteElo "2475"]
[BlackElo "2515"]

1.d4 Nf6 2.Nf3 e6 3.c4 b6 4.a3 Bb7 5.Nc3 d5 6.Qa4+ c6 7.cxd5 Nxd5 8.Bd2 Be7
9.e4 Nxc3 10.Bxc3 O-O 11.Rd1 Nd7 12.Qc2 Qc8 13.Bd3 Ba6 14.O-O Bxd3 15.Rxd3 Qb7
16.Nd2 Rfe8 17.Rh3 c5 18.d5 exd5 19.exd5 Nf8 20.Rg3 Ng6 21.f4 Bd6 22.Qd3 Rad8
23.Ne4 Qe7 24.Re1 Qd7 25.Rf1 Qe7 26.Ng5 Bb8 27.h4 c4 28.Qxc4 Qc5+ 29.Qxc5 bxc5
30.Nh3 Rxd5 31.Rg5 Rxg5 32.hxg5 Nh4 33.f5 Kf8 34.Be1 Nxf5 35.Bf2 Bd6 36.Rd1 Re6
37.g4 Ne7 38.Kg2 Ke8 39.Kf3 Nc6 40.Nf4 Bxf4 41.Kxf4 c4 42.Rc1 Ne5 43.Rc3 Nd3+
44.Kf3 Nxf2 45.Kxf2 Re4 46.Kf3 Rd4 47.b3 cxb3 48.Rxb3 Rd7 49.Kf4 Rd4+ 50.Kf5 Rd5+
51.Kf4 Ra5 52.Rh3 Ra4+ 53.Kf5 Ke7 54.Re3+ Kf8 55.Rc3 g6+ 56.Kf6 Rf4+ 57.Ke5  0-1

[Event "Sochi"]
[Site "Sochi"]
[Date "1993.??.??"]
[Round "?"]
[White "Ryskin, Alexander"]
[Black "Aseev, Konstantin N"]
[Result "0-1"]
[WhiteElo "2515"]
[BlackElo "2490"]

1.d4 Nf6 2.c4 e6 3.Nf3 b6 4.a3 Bb7 5.Nc3 d5 6.Qc2 c5 7.cxd5 exd5 8.e4 dxe4
9.Bb5+ Bc6 10.Ne5 Bxb5 11.Qb3 Qe7 12.Qxb5+ Nbd7 13.Qc6 Qd8 14.Nxd7 Nxd7 15.O-O Be7
16.dxc5 Rc8 17.Qa4 Rxc5 18.Rd1 Qc8 19.Be3 Ra5 20.Qd4 Nf6 21.b4 Rh5 22.Rac1 Qe6
23.Nxe4 Nxe4 24.Qxe4 Qxe4 25.Rc8+ Bd8 26.Rdxd8+ Ke7 27.Rxh8 Rd5 28.Rhe8+ Kf6
29.h3 Rd1+ 30.Kh2 Qd5 31.Bf4 Kg6 32.Re5 Qd7 33.Rg5+ Kf6 34.Rc3 Rd5  0-1

[Event "St Martin op"]
[Site "St Martin"]
[Date "1993.??.??"]
[Round "8"]
[White "Gamboa, Nelson"]
[Black "Arnason, Jon L"]
[Result "1/2-1/2"]
[WhiteElo "2395"]
[BlackElo "2535"]

1.d4 Nf6 2.c4 e6 3.Nf3 b6 4.a3 Ba6 5.Qc2 Bb7 6.Nc3 c5 7.dxc5 bxc5 8.Bf4 d6
9.Rd1 Qb6 10.e3 Be7 11.Nb5 e5 12.Bg5 Nbd7 13.Be2 Ne4 14.Bxe7 Kxe7 15.Nd2 Ndf6
16.Bf3 Nxd2 17.Rxd2 e4 18.Be2 Rad8 19.O-O a6 20.Nc3 Rhe8 21.Rfd1 Kf8 22.b4 Rd7
23.Qb1 Qc7 24.h3 Re5 25.Na4 h5 26.Qb2 Rg5 27.Rb1 Bc8 28.Kh1 h4 29.Rbd1 Rf5
30.Bf1 Bb7 31.Kg1 Rg5 32.Be2 Bc8 33.Kh1 Rf5 34.Bf1 Bb7  1/2-1/2

[Event "St Petersburg op"]
[Site "St Petersburg"]
[Date "1993.??.??"]
[Round "?"]
[White "Simonenko, I."]
[Black "Aseev, Konstantin N"]
[Result "1/2-1/2"]
[WhiteElo "2320"]
[BlackElo "2490"]

1.d4 Nf6 2.c4 e6 3.Nf3 b6 4.a3 Bb7 5.Nc3 d5 6.cxd5 Nxd5 7.Qc2 Nxc3 8.Qxc3 h6
9.Bf4 Bd6 10.Bxd6 cxd6 11.e3 O-O 12.Be2 Nd7 13.O-O Rc8 14.Qb4 Qc7 15.Qd2 Nf6
16.Rfc1 Qd7 17.Rxc8 Rxc8 18.Rc1 Rc7 19.Rc2 Qc8 20.Rxc7 Qxc7 21.h3 e5 22.dxe5 dxe5
23.Bd1 Ne4 24.Qc2 Qxc2 25.Bxc2 f6 26.Kf1 g5 27.Ke1 Nd6 28.Kd2 Kf7 29.Ne1 f5
30.g3 Kf6 31.Bd3 f4 32.exf4 exf4 33.gxf4 gxf4 34.Ke2 Bd5 35.Kd2 Ke5 36.Bg6 Ne4+
37.Ke2 Kf6 38.Nd3 f3+ 39.Kxf3 Nd6+ 40.Kg3 Nc4 41.Bh7 Kg7 42.Bf5 Kf6 43.Kf4 Bg2
44.Ne1 Bd5 45.Nd3 Bg2 46.a4 Bf1 47.h4 Bxd3 48.Bxd3 Nxb2 49.Bb5 a6 50.Bxa6 Nxa4
51.Kg4 Nc3 52.Kh5 Kg7 53.Kg4 b5 54.Kf5 b4 55.Bc4 Nb1 56.Ke6 Nd2 57.Bd3 Nf3
58.Be4 Nd2 59.Bd3 b3 60.f4 Kf8 61.Kf6 b2  1/2-1/2

[Event "St Petersburg op"]
[Site "St Petersburg"]
[Date "1993.??.??"]
[Round "?"]
[White "Korotylev, Alexey"]
[Black "Zagrebelny, Sergey"]
[Result "1/2-1/2"]
[WhiteElo "2420"]
[BlackElo "2535"]

1.d4 Nf6 2.c4 e6 3.Nf3 b6 4.a3 d5 5.Nc3 Be7 6.Bg5 O-O 7.Qc2 Bb7 8.e3 Nbd7
9.Rd1 h6 10.Bh4 c5 11.dxc5 bxc5 12.cxd5 exd5 13.Be2 Qb6 14.O-O Bc6 15.Rd2 Rab8
16.Rfd1 Rfe8 17.Bg3 Rb7 18.Ne5 Nxe5 19.Bxe5 Bd8 20.Bg3 Qb3 21.Bf3 Ba5 22.Bd6 c4
23.Rc1 Qxc2 24.Rcxc2 Bxc3 25.Rxc3 g5 26.h3 h5 27.Bc5 g4 28.Bd4 gxf3 29.Bxf6 Re6
30.Bd4 fxg2 31.f3 Rg6 32.Rc1 Bd7 33.h4 a6  1/2-1/2

[Event "SWZ-ch"]
[Site "?"]
[Date "1993.??.??"]
[Round "?"]
[White "Costa, Jean Luc"]
[Black "Almada, Enrique"]
[Result "1-0"]
[WhiteElo "2425"]
[BlackElo "2345"]

1.d4 Nf6 2.c4 e6 3.Nf3 b6 4.a3 Bb7 5.Nc3 d5 6.cxd5 exd5 7.g3 Bd6 8.Nb5 Be7
9.Bf4 Na6 10.Rc1 c6 11.Nc3 O-O 12.Bg2 Nc7 13.O-O Ne6 14.Be5 Ne4 15.Qc2 Nxc3
16.Qxc3 Re8 17.h4 f6 18.Bf4 Nxf4 19.gxf4 c5 20.e3 c4 21.Qc2 Qd6 22.Kh1 Qe6
23.Rg1 Bd6 24.Nh2 Rad8 25.Bf3 Bb8 26.Rg3 Kh8 27.Rcg1 Rg8 28.Bg4 Qe7 29.h5 Bc8
30.Nf3 Qe8 31.Bxc8 Rxc8 32.Qf5 Qe4 33.Qxe4 dxe4 34.Nh4 Rcd8 35.Nf5 Rd7 36.Kg2 Rf8
37.f3 exf3+ 38.Kxf3 Rff7 39.R3g2 Bd6 40.Rc1 b5 41.a4 a6 42.Nxd6 Rxd6 43.b3 Rc7
44.bxc4 bxc4 45.Rgc2 Rdc6 46.d5  1-0

[Event "SWZ-chT"]
[Site "?"]
[Date "1993.??.??"]
[Round "?"]
[White "Cvitan, Ognjen"]
[Black "Ballmann, Martin"]
[Result "1-0"]
[WhiteElo "2575"]
[BlackElo "2345"]

1.d4 Nf6 2.c4 e6 3.Nf3 b6 4.a3 Ba6 5.Qc2 c5 6.d5 Qe7 7.Bg5 exd5 8.Nc3 Bb7
9.cxd5 h6 10.Bxf6 Qxf6 11.e4 Bd6 12.Bd3 O-O 13.O-O Be5 14.Nxe5 Qxe5 15.f4 Qd4+
16.Kh1 c4 17.Be2 Qc5 18.e5 Na6 19.Rad1 Nc7 20.Ne4 Qa5 21.Bxc4 Bxd5 22.Rxd5 Nxd5
23.b4 Qxa3 24.Bxd5 Qa6 25.Kg1  1-0

[Event "SWZ-chT"]
[Site "?"]
[Date "1993.??.??"]
[Round "?"]
[White "Cvitan, Ognjen"]
[Black "Huss, Andreas"]
[Result "1-0"]
[WhiteElo "2575"]
[BlackElo "2400"]

1.d4 e6 2.Nf3 Nf6 3.c4 b6 4.a3 Bb7 5.Nc3 d5 6.cxd5 exd5 7.g3 Be7 8.Qa4+ c6
9.Ne5 O-O 10.Bg2 Nfd7 11.Nxd7 Nxd7 12.O-O Re8 13.Rd1 Nf6 14.Bg5 Ne4 15.Nxe4 dxe4
16.Bxe7 Rxe7 17.Rac1 Qd6 18.Rc3 Rd8 19.b4 Qb8 20.Qc2 Rde8 21.e3 h6 22.Bf1 Qd6
23.Qa4 a6 24.Rdc1 Ra8 25.Qb3 Qd5 26.Qxd5 cxd5 27.Bh3 Kf8 28.Rc7 Rxc7 29.Rxc7 Rb8
30.Bd7 a5 31.b5 Ba8 32.g4 Ke7 33.Bc8+ Kf6 34.Kg2 h5 35.h3 hxg4 36.hxg4 Kg6  1-0

[Event "Ticino op"]
[Site "Ticino"]
[Date "1993.??.??"]
[Round "3"]
[White "Komarov, Dimitri"]
[Black "Ernst, Rolf"]
[Result "1-0"]
[WhiteElo "2525"]
[BlackElo "2280"]

1.d4 Nf6 2.Nf3 e6 3.c4 b6 4.a3 Bb7 5.Nc3 Be7 6.d5 d6 7.e4 e5 8.Bd3 Nbd7 9.O-O O-O
10.b4 Nh5 11.Re1 Bf6 12.Be3 g6 13.Na4 Be7 14.c5 bxc5 15.bxc5 Bc8 16.Bb5 f5
17.exf5 gxf5 18.Bc6 f4 19.Bxa8 fxe3 20.Rxe3 Ndf6 21.Bc6 Ng4 22.Re1 Nf4 23.Nc3 Bf5
24.Ne4 Bxe4 25.Rxe4 Bh4 26.Ra2 Be7 27.Nd4 Nf6 28.Rxf4 exf4 29.Ne6 Qc8 30.Nxf8 Qxf8
31.Qe2 dxc5 32.Qe6+ Kg7 33.Re2 Bd6 34.Qf5 Qb8 35.Bd7 Qb3 36.Qg5+ Kf7 37.Be6+  1-0